Private equity (Record no. 52791)
[ view plain ]
| 000 -LEADER | |
|---|---|
| fixed length control field | 02630nam a2200349 a 4500 |
| 082 04 - DEWEY DECIMAL CLASSIFICATION NUMBER | |
| Classification number | 332/.041 |
| 245 00 - TITLE STATEMENT | |
| Title | Private equity |
| 250 ## - EDITION STATEMENT | |
| Edition statement | 2nd ed. |
| 260 ## - PUBLICATION, DISTRIBUTION, ETC. (IMPRINT) | |
| Place of publication | Hoboken, N.J. : |
| Name of publisher | Wiley, |
| Year of publication | c2012. |
| 300 ## - PHYSICAL DESCRIPTION | |
| Number of Pages | xix, 357 p. : |
| Other physical details | ill. |
| 520 ## - SUMMARY, ETC. | |
| Summary, etc | "An authoritative guide to understanding the world of private equity (PE) investing, governance structures, and operational assessments of PE portfolio companiesAn essential text for any business/finance professional's library, Private Equity: History, Governance, and Operations, Second Edition begins by presenting historical information regarding the asset class. This information includes historical fundraising and investment levels, returns, correlation of returns to public market indices, and harvest trends. The text subsequently analyzes PE fund and portfolio company governance structures. It also presents ways to improve existing governance structures of these entities. A specific focus on portfolio company operations, including due diligence assessments, concludes the text. Seamlessly blends historical information with practical guidance based on risk management and fundamental accounting techniques Assists the book's professional audience in maximizing returns of their PE investments Highly conducive to advanced, graduate-level classroom use Purchase of the text includes access to a website of teaching materials for instructional use Learn more about PE history, governance, and operations with the authoritative guidance found in Private Equity: History, Governance, and Operations, Second Edition"-- |
| 650 #0 - SUBJECT ADDED ENTRY--TOPICAL TERM | |
| Topical Term | Private equity. |
| 700 1# - ADDED ENTRY--PERSONAL NAME | |
| Personal name | Cendrowski, Harry. |
| 856 40 - ELECTRONIC LOCATION AND ACCESS | |
| Uniform Resource Identifier | http://site.ebrary.com/lib/rucke/Doc?id=10630542 |
| 520 ## - SUMMARY, ETC. | |
| -- | Provided by publisher. |
No items available.
